[Event "Challenge"]
[Site "http://www.queenalice.com/game.php?id=60401"]
[Date "2006.3.30"]
[Round "-"]
[White "li2carpio"]
[Black "geppoz"]
[Result "0-1"]
[WhiteElo "1772"]
[BlackElo "1648"]

1. e4 Nf6 2. e5 Nd5 3. Nf3 d6 4. d4 e6 5. c4 Nb6 6. Nc3 Nc6 7. Be2 dxe5 8. dxe5
Qxd1+ 9. Nxd1 Bb4+ 10. Bd2 Bxd2+ 11. Nxd2 Nxe5 12. b3 Bd7 13. O-O O-O-O 14. Nf3
Nc6 15. h3 f6 16. Nc3 e5 17. a3 Bf5 18. b4 Nd4 19. Nxd4 exd4 20. Na2 d3 21. Bf3
Nxc4 22. Nc3 Nd2 23. Rfd1 Nxf3+ 24. gxf3 Rhe8 25. Kg2 Be6 26. Ne4 b6 27. Rac1
Bf5 28. Rc4 Bg6 29. Rc3 Bxe4 30. fxe4 Rxe4 31. Rcxd3 Rxd3 32. Rxd3 a5 33. bxa5
bxa5 34. f3 Re2+ 35. Kg3 c6 36. f4 Kc7 37. Kf3 Rh2 38. Kg3 Rc2 39. Re3 Kb6 40.
Kg4 Kb5 41. Re7 c5 42. Rxg7 Rg2+ 43. Kf5 Rxg7 44. Kxf6 Rg3 45. f5 Rxh3 46. Kg7
Rxa3 47. Kxh7 Rf3 48. Kg6 a4 0-1

[Event "Challenge"]
[Site "http://www.queenalice.com/game.php?id=60402"]
[Date "2006.3.30"]
[Round "-"]
[White "li2carpio"]
[Black "geppoz"]
[Result "0-1"]
[WhiteElo "1822"]
[BlackElo "1552"]

1. e4 Nf6 2. e5 Nd5 3. Nf3 d6 4. d4 Nc6 5. Bb5 Bd7 6. c4 Nb6 7. e6 fxe6 8. Nh4
a6 9. Bxc6 Bxc6 10. Qh5+ Kd7 11. d5 exd5 12. Qg4+ e6 13. O-O Qe7 14. Bg5 Qf7 15.
b3 Be7 16. Nf3 Raf8 17. Re1 dxc4 18. bxc4 Bxf3 19. gxf3 Qf5 20. Bxe7 Qxg4+ 21.
fxg4 Kxe7 22. Nd2 Rf4 23. h3 Nxc4 24. Ne4 h6 25. Rac1 b5 26. Rc2 Rhf8 27. Kg2 g5
28. Nc3 c5 29. Nd5+ Kd7 30. Nxf4 Rxf4 31. Rd1 Kc6 32. a4 Na3 33. axb5+ axb5 34.
Re2 e5 35. Rb2 b4 36. Rc1 Kb5 37. Ra1 Ka4 38. Rd2 Rd4 39. Re2 c4 40. Kg3 c3 41.
h4 Rd3+ 42. Re3 Rxe3+ 43. fxe3 b3 44. hxg5 hxg5 0-1

[Event "Challenge"]
[Site "http://www.queenalice.com/game.php?id=76461"]
[Date "2006.6.14"]
[Round "-"]
[White "Croftsy"]
[Black "geppoz"]
[Result "1-0"]
[WhiteElo "1542"]
[BlackElo "1857"]

1. e4 Nf6 2. e5 Nd5 3. Bc4 Nb6 4. b3 Nxc4 5. bxc4 d6 6. d4 dxe5 7. d5 c6 8. Bb2
cxd5 9. cxd5 e4 10. Nc3 Bf5 11. Nge2 e6 12. Nd4 exd5 13. Nxf5 Qb6 14. Rb1 Bb4
15. Ba1 Bxc3+ 16. Bxc3 Qg6 17. Qxd5 Qe6 18. Rd1 Qxd5 19. Rxd5 Nc6 20. Nxg7+ Kf8
21. Nf5 Rg8 22. O-O Rd8 23. Rfd1 Rxd5 24. Rxd5 1-0

[Event "AUTO-OPEN-215"]
[Site "http://www.queenalice.com/game.php?id=76900"]
[Date "2006.6.15"]
[Round "2"]
[White "rubenov"]
[Black "geppoz"]
[Result "0-1"]
[WhiteElo "1856"]
[BlackElo "1796"]

1. d4 Nf6 2. Nc3 c5 3. d5 e6 4. dxe6 fxe6 5. Bg5 Be7 6. Nf3 O-O 7. e3 Ng4 8. Bf4
d6 9. h3 Nf6 10. Bc4 d5 11. Bd3 d4 12. exd4 cxd4 13. Nb5 Nc6 14. Nc7 e5 15. Nxe5
Qxc7 16. Ng6 Bb4+ 17. c3 Re8+ 0-1

[Event "AUTO-OPEN-215"]
[Site "http://www.queenalice.com/game.php?id=76901"]
[Date "2006.6.15"]
[Round "2"]
[White "geppoz"]
[Black "rubenov"]
[Result "1-0"]
[WhiteElo "1745"]
[BlackElo "1856"]

1. a3 d5 2. Nf3 Nc6 3. c4 dxc4 4. Qa4 Qd5 5. e3 b5 6. Qc2 Bf5 7. Qd1 Bg4 8. Nc3
Qh5 9. Be2 a6 10. d3 cxd3 11. Qxd3 Rd8 12. Qc2 Nb8 13. Bd2 e6 14. O-O-O Bd6 15.
h3 Bf5 16. e4 Bg6 17. Be3 1-0

[Event "AUTO-OPEN-215"]
[Site "http://www.queenalice.com/game.php?id=76906"]
[Date "2006.6.15"]
[Round "2"]
[White "geppoz"]
[Black "aarongale"]
[Result "1-0"]
[WhiteElo "1838"]
[BlackElo "1667"]

1. a3 d5 2. Nf3 Nc6 3. d4 Bg4 4. e3 Nf6 5. c4 e6 6. Nc3 Bd6 7. cxd5 exd5 8. Be2
h6 9. Nh4 Bxe2 10. Qxe2 Ne4 11. Nxe4 dxe4 12. Nf5 Qg5 13. Nxd6+ cxd6 14. O-O d5
15. f3 f5 16. fxe4 dxe4 17. Qb5 O-O-O 18. Bd2 Kb8 19. Qxf5 Qxf5 20. Rxf5 Rhe8
21. Rf7 Rg8 22. Bc3 g5 23. Raf1 a6 24. Rh7 Rg6 25. Rff7 Ka8 26. Rxb7 Rb8 27.
Rxb8+ Kxb8 28. Kf2 Kc8 29. Kg3 Kd8 30. Kg4 Ne7 31. Kh5 Kd7 32. Rxh6 Rxh6+ 33.
Kxh6 1-0

[Event "AUTO-OPEN-215"]
[Site "http://www.queenalice.com/game.php?id=76907"]
[Date "2006.6.15"]
[Round "2"]
[White "aarongale"]
[Black "geppoz"]
[Result "0-1"]
[WhiteElo "1760"]
[BlackElo "1802"]

1. e4 Nf6 2. e5 Nd5 3. c4 Nb6 4. d4 d6 5. Nf3 Bg4 6. h3 Bh5 7. g4 Bg6 8. Qb3 Be4
9. c5 dxc5 10. Ng5 c4 11. Bxc4 Nxc4 12. Qxc4 Bd5 13. Qd3 Bxh1 14. f3 Nc6 15. Qb5
Qxd4 16. Qxb7 Qb4+ 17. Qxb4 Nxb4 18. Na3 Nd3+ 19. Ke2 Nxe5 20. Bf4 Bxf3+ 21.
Nxf3 Nxf3 22. Kxf3 c6 23. Rd1 e6 24. Nc4 Rd8 25. Rxd8+ Kxd8 26. Ne5 Ke8 27. Nxc6
Bc5 28. Be3 Bxe3 29. Kxe3 Kd7 30. Ne5+ Ke7 31. Nc6+ Kd6 32. Nxa7 Ra8 33. Nb5+
Kc5 34. Na3 f5 35. gxf5 exf5 36. Kf4 g6 37. Kg5 Rxa3 38. bxa3 Kb5 39. h4 Ka4 40.
h5 Kxa3 41. h6 Kxa2 42. Kf4 Kb3 43. Ke5 Kc4 44. Kf4 Kd5 45. Kg3 Ke5 0-1

[Event "AUTO-OPEN-215"]
[Site "http://www.queenalice.com/game.php?id=96864"]
[Date "2006.8.17"]
[Round "3"]
[White "geppoz"]
[Black "vincentlennon"]
[Result "0-1"]
[WhiteElo "1828"]
[BlackElo "1835"]

1. a3 e5 2. Nf3 Nc6 3. d4 e4 4. d5 exf3 5. dxc6 fxe2 6. cxd7+ Bxd7 7. Bxe2 Qe7
8. O-O O-O-O 9. Qd4 Qxe2 10. Nc3 Qxc2 11. Qxa7 Bc6 12. Qa8+ Kd7 13. Rd1+ Qxd1+
0-1

[Event "AUTO-OPEN-215"]
[Site "http://www.queenalice.com/game.php?id=96865"]
[Date "2006.8.17"]
[Round "3"]
[White "vincentlennon"]
[Black "geppoz"]
[Result "1-0"]
[WhiteElo "1851"]
[BlackElo "1802"]

1. e4 Nf6 2. e5 Nd5 3. d4 d6 4. c4 Nb6 5. f4 dxe5 6. fxe5 Nc6 7. Nc3 Qxd4 8. Nf3
Qxd1+ 9. Nxd1 Bg4 10. Bf4 e6 11. Ne3 Bb4+ 12. Kf2 O-O-O 13. Nxg4 Rd7 14. b3 1-0

[Event "AUTO-OPEN-383"]
[Site "http://www.queenalice.com/game.php?id=104580"]
[Date "2006.9.10"]
[Round "1"]
[White "juve_leo"]
[Black "geppoz"]
[Result "0-1"]
[WhiteElo "1656"]
[BlackElo "1703"]

1. d4 Nf6 2. c4 c5 3. d5 e6 4. dxe6 fxe6 5. Nf3 Be7 6. Nc3 d5 7. Bf4 d4 8. Nb5
Na6 9. e3 Qa5+ 10. Nd2 dxe3 11. fxe3 O-O 12. Bd3 Nb4 13. Bc7 Qa6 14. Qe2 Nxd3+
15. Qxd3 Ng4 16. Ne4 b6 17. Nbc3 Bb7 18. Ng5 Bxg5 19. Qd6 Nxe3 20. Qxe6+ Kh8 21.
h4 Nc2+ 22. Kd1 Ne3+ 23. Ke1 Bxh4+ 24. Kd2 Bg5 25. Rhe1 Nxg2+ 26. Kc2 Ne3+ 27.
Kd3 Rae8 28. Rf1 Nxf1 29. Rxf1 Bf6 30. Qh3 Bxc3 31. Rxf8+ Rxf8 32. bxc3 Rf3+ 0-1

[Event "AUTO-OPEN-383"]
[Site "http://www.queenalice.com/game.php?id=104581"]
[Date "2006.9.10"]
[Round "1"]
[White "geppoz"]
[Black "juve_leo"]
[Result "1-0"]
[WhiteElo "1717"]
[BlackElo "1460"]

1. a3 e5 2. Nf3 e4 3. Nd4 c5 4. Nb3 d5 5. d3 exd3 6. cxd3 Nc6 7. Nc3 Bg4 8. Bf4
Nf6 9. f3 Bf5 10. e4 dxe4 11. dxe4 Be6 12. Qxd8+ Rxd8 13. Nd2 Bd6 14. Bxd6 Rxd6
15. Nb5 Rd7 16. O-O-O O-O 17. Bc4 Bxc4 18. Nxc4 Rxd1+ 19. Rxd1 h5 20. Ncd6 b6
21. Nc7 Rd8 22. Nc4 Rxd1+ 23. Kxd1 g5 24. Nd6 g4 25. Nc8 gxf3 26. gxf3 Nd4 27.
Nxa7 Nxf3 28. Nc8 Nxh2 29. Nxb6 Nxe4 30. a4 h4 31. a5 h3 32. a6 Nf2+ 33. Ke2
Nhg4 34. a7 h2 35. a8=Q+ Kh7 36. Na6 h1=Q 37. Qxh1+ Nxh1 38. Nxc5 f5 39. Kf3
Nhf2 40. Kf4 1-0

[Event "AUTO-OPEN-383"]
[Site "http://www.queenalice.com/game.php?id=104590"]
[Date "2006.9.10"]
[Round "1"]
[White "sandramguziviak"]
[Black "geppoz"]
[Result "0-1"]
[WhiteElo "1187"]
[BlackElo "1723"]

1. e4 Nf6 2. d3 b5 3. Nf3 Bb7 4. c4 bxc4 5. dxc4 Nxe4 6. Nc3 Nxc3 7. Qd2 Ne4 8.
Qd4 e6 9. Qxe4 Bxe4 10. Ng5 Bg6 11. b3 Bb4+ 12. Bd2 Bxd2+ 13. Kxd2 Qxg5+ 14. Kd1
Qg4+ 15. Ke1 Qe4+ 0-1

[Event "AUTO-ADV-248"]
[Site "http://www.queenalice.com/game.php?id=104722"]
[Date "2006.9.11"]
[Round "1"]
[White "pepebacardi"]
[Black "geppoz"]
[Result "1-0"]
[WhiteElo "1772"]
[BlackElo "1736"]

1. e4 Nf6 2. e5 Nd5 3. d4 d6 4. c4 Nb6 5. f4 dxe5 6. fxe5 Bf5 7. Nc3 e6 8. Nf3
Bg4 9. Be2 Bxf3 10. Bxf3 Nc6 11. Bxc6+ bxc6 12. b3 Bb4 13. Bb2 Qh4+ 14. g3 Qe4+
15. Kf2 Qf5+ 16. Kg2 O-O 17. Rf1 Qg6 18. Qf3 f6 19. Qxc6 Rad8 20. Qxe6+ Kh8 21.
Qf5 Rxd4 22. Qxg6 hxg6 23. exf6 gxf6 24. Nb5 Rd2+ 25. Rf2 Rfd8 26. Bxf6+ 1-0

[Event "AUTO-ADV-248"]
[Site "http://www.queenalice.com/game.php?id=104723"]
[Date "2006.9.11"]
[Round "1"]
[White "geppoz"]
[Black "pepebacardi"]
[Result "0-1"]
[WhiteElo "1757"]
[BlackElo "1756"]

1. d4 Nf6 2. c4 e6 3. a3 d5 4. Nc3 Nbd7 5. Bg5 Be7 6. e3 O-O 7. Bd3 dxc4 8. Bxc4
c5 9. Nf3 h6 10. Bh4 a6 11. Qa4 Qc7 12. O-O Nb6 13. Qb3 Nxc4 14. Qxc4 b5 15. Qd3
c4 16. Qc2 Bb7 17. e4 Rad8 18. e5 Nd5 19. Bxe7 Qxe7 20. Rad1 Rd7 21. Ne4 Nf4 22.
Nc5 Bxf3 23. gxf3 Qg5+ 0-1

[Event "AUTO-ADV-248"]
[Site "http://www.queenalice.com/game.php?id=104736"]
[Date "2006.9.11"]
[Round "1"]
[White "geppoz"]
[Black "bruno_santiago"]
[Result "0-1"]
[WhiteElo "1717"]
[BlackElo "2040"]

1. Nf3 Nf6 2. d4 g6 3. c4 Bg7 4. Nc3 O-O 5. e4 d6 6. Bg5 c6 7. Bd3 Qa5 8. e5
dxe5 9. dxe5 Ng4 10. Bxe7 Re8 11. Bd6 Nxe5 12. O-O Bg4 13. Be2 Bxf3 14. Bxf3
Nxc4 15. Bxb8 Raxb8 16. Qa4 Bxc3 17. Qxa5 Bxa5 18. Rfd1 Nxb2 19. Rd7 Rbd8 20.
Rxb7 Bb6 21. Bxc6 Re2 0-1

[Event "AUTO-ADV-248"]
[Site "http://www.queenalice.com/game.php?id=104737"]
[Date "2006.9.11"]
[Round "1"]
[White "bruno_santiago"]
[Black "geppoz"]
[Result "1-0"]
[WhiteElo "1921"]
[BlackElo "1725"]

1. Nf3 e6 2. c4 a6 3. d4 Nf6 4. Nc3 c5 5. e3 cxd4 6. exd4 Bb4 7. Bd3 d5 8. c5
Nc6 9. Qc2 Qc7 10. a3 Bxc3+ 11. Qxc3 O-O 12. O-O Ng4 13. h3 Nf6 14. g3 Re8 15.
Bf4 Qd8 16. Kh2 Qa5 17. b4 Qd8 18. Ne5 Nh5 19. Nxc6 bxc6 20. Bd6 Qg5 21. Qc2 f5
22. Rg1 Nf6 23. f4 Qh6 24. Kg2 a5 25. Rae1 Ne4 26. Bxe4 fxe4 27. Qa4 Bd7 28.
bxa5 g5 29. fxg5 Qxg5 30. Bf4 Qh5 31. Rgf1 e5 32. dxe5 Bxh3+ 33. Kg1 Bxf1 34.
Rxf1 Rec8 35. Rf2 Rab8 36. Qc2 Rb5 37. Rh2 Qf3 38. Rf2 Qxa3 39. Qe2 Rb1+ 40. Kh2
Qa1 41. Qg4+ Kf7 42. Qd7+ Kg6 43. Qe6+ 1-0

[Event "AUTO-ADV-248"]
[Site "http://www.queenalice.com/game.php?id=104738"]
[Date "2006.9.11"]
[Round "1"]
[White "geppoz"]
[Black "CapivaraChess"]
[Result "0-1"]
[WhiteElo "1780"]
[BlackElo "1766"]

1. c4 e5 2. Nc3 Nf6 3. e4 Bc5 4. d3 d6 5. Bg5 h6 6. Bh4 Nc6 7. Nf3 g5 8. Bg3 h5
9. h3 h4 10. Bh2 g4 11. Nd2 g3 12. fxg3 Ng4 13. Bg1 hxg3 14. Bxc5 dxc5 15. Be2
Nf2 16. Qa4 Nxh1 17. Nf3 Nf2 18. Nxe5 Bd7 19. Nd5 Nxe5 0-1

[Event "AUTO-ADV-248"]
[Site "http://www.queenalice.com/game.php?id=104739"]
[Date "2006.9.11"]
[Round "1"]
[White "CapivaraChess"]
[Black "geppoz"]
[Result "1-0"]
[WhiteElo "1857"]
[BlackElo "1714"]

1. e4 Nf6 2. Nc3 d5 3. exd5 Nxd5 4. Bc4 Nxc3 5. Qf3 e6 6. Qxc3 Nc6 7. Nf3 Qd6 8.
a3 e5 9. Ng5 Be6 10. Nxe6 fxe6 11. O-O O-O-O 12. Re1 Nd4 13. d3 Be7 14. Qd2 Rhf8
15. c3 Nf5 16. Qe2 Bf6 17. a4 g5 18. b4 g4 19. b5 h5 20. Ba3 Qd7 21. Bxf8 Rxf8
22. Qa2 Re8 23. b6 cxb6 24. Bb5 Qe7 25. Bxe8 Qxe8 26. a5 b5 27. a6 b6 28. d4 Qf7
29. Rab1 h4 30. Rxb5 g3 31. Rxb6 gxf2+ 32. Kxf2 Bg5 33. Qc4+ 1-0